000 00389 a2200145 4500
020 _a8175140348
082 _a658.4038
090 _c6773
_d6773
100 _aScriven,Donald D.
245 _aManual of Mis Policies and Procedures.
_cDonald D.Scriven.
260 _aUSA
_bAlexander Hamilton Institute.
_c1998.
300 _a257p.
500 _aHard cover
942 _aNBS
_cBK
_k658.4038 SCR
999 _c349121
_d349121